| 000 | 00000nas 2200000zi 4500 |
| 001 | 9.905630 |
| 003 | CaOODSP |
| 005 | 20240307125911 |
| 006 | m o d f |
| 007 | cr cn||||||||| |
| 008 | 211203d20192021oncar p o f0###a0eng|d |
| 022 | |a2564-4610 |
| 040 | |aCaOODSP|beng|erda|cCaOODSP |
| 043 | |an-cn--- |
| 086 | 1 |aM41-1/5E-PDF|zM45-121/2019E-PDF|zM45-123/2020E-PDF |
| 110 | 2 |aGeological Survey of Canada.|eauthor. |
| 222 | 0|aReport on results and delivery |
| 245 | 10|aReport on results and delivery / |cGeological Survey of Canada. |
| 246 | 3 |aGeological Survey of Canada, report on results and delivery |
| 264 | 1|a[Ottawa] : |bNatural Resources Canada = Ressources naturelles Canada, |c2019-2022. |
| 310 | |aAnnual |
| 336 | |atext|btxt|2rdacontent |
| 337 | |acomputer|bc|2rdamedia |
| 338 | |aonline resource|bcr|2rdacarrier |
| 362 | 1 |aBegan with: 2018/2019; ceased with: 2020/2021. |
| 490 | 1 |aGeneral information product |
| 500 | |aIssued also in French under title: Rapport sur les résultats et la prestation de services, 2020; Rapport sur les résultats et la livraison, 2020-2022. |
| 588 | |aDescription based on: 2018/2019. |
| 588 | |aLatest issue consulted: 2020/2021. |
| 610 | 20|aGeological Survey of Canada|vPeriodicals. |
| 650 | 0|aNatural resources|zCanada|xManagement|vPeriodicals. |
| 655 | 7|aPeriodicals|2lcgft |
| 710 | 1 |aCanada. |bNatural Resources Canada, |eissuing body. |
| 775 | 08|tRapport sur les résultats et la prestation de services / |w(CaOODSP)9.905634 |
| 775 | 08|tRapport sur les résultats et la livraison / |w(CaOODSP)9.910702 |
| 785 | 00|tYear in review / |w(CaOODSP)9.922437 |
| 830 | #0|aGeneral information product (Canada. Natural Resources Canada)|w(CaOODSP)9.822750 |